[Event "Bodensee op"]
[Site "Bregenz"]
[Date "2024.05.11"]
[Round "8"]
[White "Heilinger, Dietmar"]
[Black "Kostic, Stefan Aleksandar"]
[Result "1/2-1/2"]
[WhiteElo "2001"]
[BlackElo "1780"]
[PlyCount "26"]
[EventDate "2024.05.04"]
[EventType "swiss"]
[EventRounds "9"]
[EventCountry "AUT"]
[SourceTitle "CBM 220 Extra"]
[Source "ChessBase"]
[SourceDate "2024.07.31"]
[SourceVersion "1"]
[SourceVersionDate "2024.07.31"]
[SourceQuality "1"]

1. c4 g6 2. g3 Bg7 3. Bg2 e5 4. e4 d6 5. Ne2 Nf6 6. 0-0 0-0 7. d3 Nbd7 8. Nbc3 c6 9. h3 Ne8 10. Be3 Nc7 11. Qd2 Ne6 12. d4 exd4 13. Nxd4 Ne5 1/2-1/2